Адаптационные тесты. Практикум: первый уровень общего владения русским языком как иностранным

Bibliografiska uppgifter
Huvudupphovsman: Балыхина Т. М. Татьяна Михайловна
Övriga upphovsmän: Румянцева Н. М. Наталья Михайловна, Царева Н. Ю. Наталья Юрьевна
Sammanfattning:Данное учебное пособие предназначено для подготовки иностранных учащихся к сертификационному экзамену по русскому языку в форме тестов. Оно представляет собой тренировочные тесты, направленные на формирование у пользователя РКИ навыков самоконтроля и самооценки.Тестовые задания, их блоки, субтесты по аспектам языка (лексика, грамматика) и речи (аудирование, говорение, чтение, письмо) исполнены в соответствии с «Типо­выми тестами по русскому языку как иностранному. I сертификационный уровень. Общее владение» и минимумом требований к данному уровню, зафиксированным в Государственном стандарте по русскому языку как иностранному.Пособие состоит из 5 частей-субтестов, включающих разделы, в которых с позиций функционального подхода представлен языковой и речевой материал.Предназначается для иностранных учащихся, преподавателей-русистов, всех, чья учебно-профессиональная деятельность связана с обучением РКИ.
Språk:ryska
Publicerad: Москва, Русский язык. Курсы, 2013
Upplaga:6-е изд., перераб. и доп.
Ämnen:
Materialtyp: Bok
KOHA link:https://koha.lib.tpu.ru/cgi-bin/koha/opac-detail.pl?biblionumber=303395

MARC

LEADER 00000nam0a2200000 4500
001 303395
005 20231102001611.0
010 |a 9785883371270 
035 |a (RuTPU)RU\TPU\book\328618 
090 |a 303395 
100 |a 20150902d2013 m y0rusy50 ca 
101 0 |a rus 
102 |a RU 
105 |a y j 000zy 
200 1 |a Адаптационные тесты. Практикум  |e первый уровень общего владения русским языком как иностранным  |f Т. М. Балыхина, Н. М. Румянцева, Н. Ю. Царева 
205 |a 6-е изд., перераб. и доп. 
210 |a Москва  |c Русский язык. Курсы  |d 2013 
215 |a 143 с. 
330 |a Данное учебное пособие предназначено для подготовки иностранных учащихся к сертификационному экзамену по русскому языку в форме тестов. Оно представляет собой тренировочные тесты, направленные на формирование у пользователя РКИ навыков самоконтроля и самооценки.Тестовые задания, их блоки, субтесты по аспектам языка (лексика, грамматика) и речи (аудирование, говорение, чтение, письмо) исполнены в соответствии с «Типо­выми тестами по русскому языку как иностранному. I сертификационный уровень. Общее владение» и минимумом требований к данному уровню, зафиксированным в Государственном стандарте по русскому языку как иностранному.Пособие состоит из 5 частей-субтестов, включающих разделы, в которых с позиций функционального подхода представлен языковой и речевой материал.Предназначается для иностранных учащихся, преподавателей-русистов, всех, чья учебно-профессиональная деятельность связана с обучением РКИ. 
606 1 |a Русский язык  |x Для других народов  |x Учебные руководства и пособия  |2 stltpush  |3 (RuTPU)RU\TPU\subj\26400  |9 50340 
610 1 |a русский язык для иностранцев 
610 1 |a русский язык как иностранный 
610 1 |a лексика 
610 1 |a тексты 
610 1 |a чтение 
610 1 |a понимание 
610 1 |a упражнения 
686 |a Ш141.2-96  |v LBC/SL-A  |2 rubbk 
700 1 |a Балыхина  |b Т. М.  |g Татьяна Михайловна 
701 1 |a Румянцева  |b Н. М.  |g Наталья Михайловна 
701 1 |a Царева  |b Н. Ю.  |g Наталья Юрьевна 
801 1 |a RU  |b 63413507  |c 20150902 
801 2 |a RU  |b 63413507  |c 20230207  |g RCR 
900 |a Русский язык как иностранный 
942 |c BK 
959 |a 107/20150901  |d 10  |e 0  |f ЧЗИЛ:1